[Event "Ct. Catalunya eq DH"]
[Site "?"]
[Date "2012.02.18"]
[Round "4.1"]
[White "Oms Pallisse, J."]
[Black "Barsov, A."]
[Result "0-1"]
[WhiteElo "2485"]
[BlackElo "2514"]
[PlyCount "54"]
[EventDate "2012.??.??"]
[EventType "team"]
[EventRounds "11"]

1. d4 d5 2. c4 e6 3. Nc3 Bb4 4. Nf3 Nf6 5. Qa4+ Nc6 6. Bg5 dxc4 7. e4 Bd7 8.
Qd1 b5 9. e5 h6 10. Bh4 g5 11. Nxg5 hxg5 12. Bxg5 Ne4 13. Bxd8 Nxc3 14. bxc3
Bxc3+ 15. Ke2 Nxd4+ 16. Ke3 Rxd8 17. Rc1 Nf5+ 18. Ke2 Bxe5 19. Ke1 Bc6 20. Qe2
Rd5 21. Qc2 Bf4 22. Qb2 Re5+ 23. Kd1 O-O 24. Be2 Rd8+ 25. Ke1 Bxc1 26. Qxe5
Bxg2 27. Bf3 Bd2+ 0-1

[Event "Ct. Catalunya eq DH"]
[Site "?"]
[Date "2012.02.18"]
[Round "4.1"]
[White "Peralta, F."]
[Black "Moskalenko, V."]
[Result "1/2-1/2"]
[WhiteElo "2620"]
[BlackElo "2579"]
[PlyCount "46"]
[EventDate "2012.??.??"]
[EventType "team"]
[EventRounds "11"]

1. d4 e6 2. c4 f5 3. Nf3 Nf6 4. Qc2 Be7 5. g3 O-O 6. Bg2 d5 7. O-O c6 8. Nbd2
Ne4 9. Ne5 Nd7 10. Nd3 Nd6 11. b3 Nf6 12. Nf3 Nf7 13. Bb2 Bd6 14. Nfe5 Nd7 15.
Rad1 Qe7 16. Qc1 a5 17. a4 Qe8 18. f3 Ndxe5 19. dxe5 Be7 20. c5 h5 21. Bd4 h4
22. gxh4 Bxh4 23. f4 g6 1/2-1/2

[Event "Ct. Catalunya eq DH"]
[Site "?"]
[Date "2012.02.18"]
[Round "4.2"]
[White "Cruz Sanchez, C."]
[Black "Rios Gomez, CC."]
[Result "1/2-1/2"]
[WhiteElo "2555"]
[BlackElo "2384"]
[PlyCount "110"]
[EventDate "2012.??.??"]
[EventType "team"]
[EventRounds "11"]

1. Nf3 Nf6 2. c4 g6 3. b4 Bg7 4. Bb2 O-O 5. g3 d6 6. Bg2 e5 7. d3 h6 8. O-O Be6
9. Nc3 Nc6 10. b5 Ne7 11. d4 exd4 12. Nxd4 Bxc4 13. Bxb7 Rb8 14. Nc6 Nxc6 15.
Bxc6 a6 16. bxa6 Bxa6 17. Rb1 Qe7 18. Qa4 Bb7 19. Bxb7 Rxb7 20. Ba1 c5 21. e4
Rfb8 22. Rxb7 Rxb7 23. Rd1 Kh7 24. Kg2 Rb4 25. Qc6 Rd4 26. Rxd4 cxd4 27. Nb5 d5
28. Nxd4 Qxe4+ 29. Nf3 Nh5 30. Bxg7 Nxg7 31. Qf6 Kg8 32. Qd4 Ne6 33. Qxe4 dxe4
34. Ne5 Nc5 35. Kf1 Kg7 36. Ke2 Kf6 37. Ng4+ Kg5 38. Ne5 Kf6 39. Ng4+ Kg5 40.
Ne3 Kf6 41. h4 h5 42. Nd5+ Ke5 43. Nc3 f6 44. Ke3 g5 45. Ne2 Na4 46. f4+ exf3
47. Kxf3 Nb6 48. Nc3 Nc4 49. a4 Kd4 50. Ne2+ Kc5 51. Ke4 Nd6+ 52. Kf3 gxh4 53.
gxh4 Nf5 54. Ng3 Nxh4+ 55. Kf2 Kb4 1/2-1/2

[Event "Ct. Catalunya eq DH"]
[Site "?"]
[Date "2012.02.27"]
[Round "4.2"]
[White "Djuric, S."]
[Black "Gonzalez Garcia, J."]
[Result "1/2-1/2"]
[WhiteElo "2445"]
[BlackElo "2583"]
[PlyCount "27"]
[EventDate "2012.??.??"]
[EventType "team"]
[EventRounds "11"]

1. d4 d5 2. Nf3 Nf6 3. c4 e6 4. Nc3 dxc4 5. e3 c5 6. Bxc4 a6 7. a4 Nc6 8. O-O
Be7 9. Qe2 cxd4 10. Rd1 e5 11. exd4 exd4 12. Nxd4 Nxd4 13. Qe5 Qd6 14. Qxd4
1/2-1/2

[Event "Ct. Catalunya eq DH"]
[Site "?"]
[Date "2012.02.19"]
[Round "4.2"]
[White "Gonzalez Rodriguez, JA."]
[Black "Cuartas Medina, JA."]
[Result "0-1"]
[WhiteElo "2459"]
[BlackElo "2553"]
[PlyCount "102"]
[EventDate "2012.??.??"]
[EventType "team"]
[EventRounds "11"]

1. b3 d5 2. e3 c6 3. Bb2 Bf5 4. d4 e6 5. Bd3 Nf6 6. Bxf5 exf5 7. Nf3 Nbd7 8.
O-O Bd6 9. c4 O-O 10. Nc3 a6 11. Qd3 g6 12. Rac1 Re8 13. g3 Qe7 14. cxd5 Nxd5
15. Nxd5 cxd5 16. Rc2 Qe4 17. Qxe4 fxe4 18. Nd2 Rac8 19. Rfc1 Nb6 20. Nb1 Rxc2
21. Rxc2 Rc8 22. Rxc8+ Nxc8 23. Ba3 Bxa3 24. Nxa3 f6 25. Nb1 Kf7 26. Nc3 Ke6
27. f3 exf3 28. Kf2 b5 29. Kxf3 Nd6 30. g4 b4 31. Na4 Ne4 32. Ke2 Kd6 33. Kf3
a5 34. Ke2 Kc6 35. Kf3 g5 36. Ke2 Kb5 37. Ke1 Kc6 38. Ke2 Kd7 39. Kf3 Ke6 40.
Ke2 f5 41. Kf3 Nc3 42. Nc5+ Kf6 43. Nb7 a4 44. bxa4 Nxa4 45. gxf5 Nc3 46. Nc5
Kxf5 47. h3 h5 48. e4+ dxe4+ 49. Ke3 Nd5+ 50. Kf2 h4 51. Nd7 Kf4 0-1

[Event "Ct. Catalunya eq DH"]
[Site "?"]
[Date "2012.02.18"]
[Round "4.2"]
[White "Pablo Mari, A."]
[Black "Narciso Dublan, M."]
[Result "1/2-1/2"]
[WhiteElo "2446"]
[BlackElo "2562"]
[PlyCount "160"]
[EventDate "2012.??.??"]
[EventType "team"]
[EventRounds "11"]

1. e4 e5 2. Nf3 Nc6 3. Bb5 a6 4. Ba4 Nf6 5. d3 b5 6. Bb3 Bc5 7. Nc3 d6 8. Nd5
h6 9. a4 Rb8 10. axb5 axb5 11. Be3 O-O 12. O-O Nxd5 13. Bxd5 Bxe3 14. fxe3 Ne7
15. Bb3 c5 16. Ra7 Bb7 17. Nd2 Qb6 18. Ra1 d5 19. exd5 Nxd5 20. Qe2 Rbd8 21.
Rf2 Rd7 22. Re1 Rfd8 23. Bxd5 Bxd5 24. e4 Be6 25. Qe3 Qc7 26. b3 Ra8 27. Qg3
Kh8 28. Nf3 f6 29. h4 Qd6 30. h5 c4 31. bxc4 bxc4 32. dxc4 Qc5 33. Kh2 Qxc4 34.
Nh4 Qb4 35. Ng6+ Kh7 36. Re3 Rd2 37. Rxd2 Qxd2 38. Nh4 Qxc2 39. Qf3 Qc8 40. Kg3
Qe8 41. Rc3 Rc8 42. Ra3 Rc7 43. Ra6 Qc8 44. Ra3 Bf7 45. Nf5 Qe8 46. Kh4 Be6 47.
Qg4 Kh8 48. Ra6 Bxf5 49. Qxf5 Qc8 50. Qxc8+ Rxc8 51. Kg4 Rc2 52. g3 Rc3 53.
Ra8+ Kh7 54. Ra7 Re3 55. Ra4 Kg8 56. Ra8+ Kf7 57. Ra7+ Kf8 58. Ra8+ Kf7 59.
Ra7+ Ke6 60. Ra6+ Kf7 61. Ra7+ Kg8 62. Ra8+ Kh7 63. Ra4 Rd3 64. Ra8 Rd4 65. Kf5
Rd1 66. Kg4 Re1 67. Kf3 Rf1+ 68. Kg4 Re1 69. Kf3 Rb1 70. Kg4 Rb3 71. Ra7 Rc3
72. Ra8 Rc7 73. Kf5 Rd7 74. Ra3 Rd4 75. Ra8 Rd2 76. Kg4 Re2 77. Kf3 Re1 78. Ra7
Rh1 79. Kg4 Re1 80. Kf3 Rh1 1/2-1/2

[Event "Ct. Catalunya eq DH"]
[Site "?"]
[Date "2012.02.18"]
[Round "4.3"]
[White "Baron Isanta, JM."]
[Black "Lariño Nieto, D."]
[Result "0-1"]
[WhiteElo "2407"]
[BlackElo "2493"]
[PlyCount "132"]
[EventDate "2012.??.??"]
[EventType "team"]
[EventRounds "11"]

1. Nf3 Nf6 2. c4 e6 3. g3 c5 4. Bg2 Nc6 5. O-O d5 6. cxd5 exd5 7. d4 Be7 8. Nc3
O-O 9. dxc5 Bxc5 10. Na4 Be7 11. Be3 Re8 12. Rc1 Ne4 13. Nd4 Qa5 14. a3 Ne5 15.
Nc3 Nc4 16. Nb3 Nxe3 17. fxe3 Nxc3 18. Rxc3 Qb6 19. Bxd5 Bf6 20. Nd4 Bh3 21.
Rf4 Rad8 22. Qb3 Rxd5 23. Qxd5 Qxb2 24. Qc4 Qa1+ 25. Rc1 Qxa3 26. Qc3 Qd6 27.
Qd3 h6 28. Rd1 Bg5 29. Re4 Rd8 30. Nf3 Qc6 31. Rd4 Re8 32. e4 Bf6 33. Rd5 Qb6+
34. Nd4 a6 35. Kh1 Qb4 36. Rb1 Qe7 37. Nf5 Qxe4+ 38. Qxe4 Rxe4 39. Rxb7 Rxe2
40. Kg1 Re1+ 41. Kf2 Rf1+ 42. Ke2 Rxf5 43. Rxf5 Bxf5 44. Ra7 Bg4+ 45. Kd3 Bh3
46. Ke2 h5 47. Rxa6 h4 48. Kf3 hxg3 49. hxg3 Be6 50. Ra5 Kh7 51. Rb5 Kg6 52.
Ra5 Bc3 53. Rb5 f6 54. Rc5 Be5 55. Rb5 Kg5 56. Ra5 Bg4+ 57. Kg2 g6 58. Rb5 Bd1
59. Ra5 Kg4 60. Ra3 g5 61. Re3 Bc2 62. Re2 Bg6 63. Re3 Bd4 64. Re1 Bc2 65. Re2
Bd3 66. Re1 f5 0-1

[Event "Ct. Catalunya eq DH"]
[Site "?"]
[Date "2012.02.18"]
[Round "4.3"]
[White "Lopez Martinez, JM."]
[Black "Fluvia Poyatos, Jordi"]
[Result "1/2-1/2"]
[WhiteElo "2576"]
[BlackElo "2499"]
[PlyCount "75"]
[EventDate "2012.??.??"]
[EventType "team"]
[EventRounds "11"]

1. d4 Nf6 2. c4 g6 3. Nf3 Bg7 4. Nc3 d5 5. e3 O-O 6. Qb3 e6 7. Bd2 b6 8. Rc1
Bb7 9. cxd5 Nxd5 10. Nxd5 Bxd5 11. Qc2 Nd7 12. Qxc7 Rc8 13. Qxc8 Qxc8 14. Rxc8
Rxc8 15. Bb5 Nf6 16. O-O Ne4 17. Bd3 Nxd2 18. Nxd2 e5 19. e4 Bxa2 20. Ra1 Bh6
21. Rxa2 Bxd2 22. Rxa7 Rc1+ 23. Bf1 exd4 24. Rd7 Rc2 25. g3 Be1 26. f4 Bf2+ 27.
Kh1 h5 28. b3 h4 29. gxh4 Be3 30. f5 gxf5 31. exf5 Rf2 32. Bd3 Kg7 33. Rd6
Rxh2+ 34. Kxh2 Bf4+ 35. Kg2 Bxd6 36. Kf3 Be7 37. Ke4 Bxh4 38. Kxd4 1/2-1/2

[Event "Ct. Catalunya eq DH"]
[Site "?"]
[Date "2012.02.18"]
[Round "4.3"]
[White "Matnadze, A."]
[Black "Pomes Marcet, J."]
[Result "1/2-1/2"]
[WhiteElo "2498"]
[BlackElo "2407"]
[PlyCount "108"]
[EventDate "2012.??.??"]
[EventType "team"]
[EventRounds "11"]

1. d4 d5 2. g3 Nf6 3. Bg2 c6 4. Nf3 Bf5 5. O-O e6 6. c4 Nbd7 7. Nc3 dxc4 8. Nh4
Bg4 9. h3 Bh5 10. g4 Nd5 11. e4 Nb4 12. Nf3 Bg6 13. Ne1 h5 14. g5 h4 15. a3 Bh5
16. Bf3 Bxf3 17. Qxf3 Nd3 18. Nxd3 cxd3 19. Qxd3 Ne5 20. Qe2 Qxd4 21. Bf4 Ng6
22. Be3 Qe5 23. f4 Qc7 24. Rad1 Be7 25. Qg4 Rd8 26. Kh1 Rxd1 27. Rxd1 Bd6 28.
e5 Be7 29. Ne4 O-O 30. Rf1 c5 31. Kh2 Rd8 32. Qe2 Qc6 33. Nc3 a6 34. Qf2 b5 35.
Qg2 Qxg2+ 36. Kxg2 b4 37. axb4 cxb4 38. Na4 Bf8 39. Rc1 Ne7 40. Bf2 Nf5 41. Rc6
Kh7 42. Rxa6 Rd2 43. Ra8 Be7 44. Ra7 Kg6 45. Kf3 Rd3+ 46. Kg2 Rd2 47. Kf3 Rd3+
48. Kg2 Rd2 49. Kf1 Bf8 50. Ra8 Be7 51. Ra7 Bf8 52. Ra8 Be7 53. Ra7 Bf8 54. Ra8
Be7 1/2-1/2

[Event "Ct. Catalunya eq DH"]
[Site "?"]
[Date "2012.02.19"]
[Round "4.3"]
[White "Perez Mitjans, O."]
[Black "Baches Garcia, G."]
[Result "1/2-1/2"]
[WhiteElo "2525"]
[BlackElo "2433"]
[PlyCount "93"]
[EventDate "2012.??.??"]
[EventType "team"]
[EventRounds "11"]

1. e4 c5 2. Nf3 d6 3. d4 cxd4 4. Nxd4 Nf6 5. Nc3 Nc6 6. f3 e5 7. Nb3 Be7 8. Be3
O-O 9. Qd2 a5 10. Bb5 Be6 11. Rd1 Na7 12. Be2 Nc6 13. a3 a4 14. Nc1 Ra5 15. Bb5
d5 16. exd5 Nxd5 17. Nxd5 Rxb5 18. c4 Ra5 19. Qf2 Nd4 20. Nxe7+ Qxe7 21. Bxd4
exd4 22. Qxd4 Rc5 23. O-O Rxc4 24. Qe5 Rc5 25. Qe3 Rc2 26. Nd3 Re8 27. Rf2 Rxf2
28. Nxf2 h6 29. Rd4 Qc5 30. Ne4 Qc7 31. Qd2 Qc6 32. Qc3 Bd5 33. Qxc6 Bxc6 34.
Kf2 Re5 35. Nc3 Rc5 36. Ke3 Kf8 37. g4 Ke7 38. h4 Re5+ 39. Kf2 Rc5 40. f4 g6
41. Ke3 h5 42. g5 Ke6 43. Kf2 Ra5 44. Kg3 Ra8 45. Ne4 Ra5 46. Nc3 Ra8 47. Ne4
1/2-1/2

[Event "Ct. Catalunya eq DH"]
[Site "?"]
[Date "2012.02.27"]
[Round "4.3"]
[White "Rodriguez Cespedes, A."]
[Black "Farran Martos, J."]
[Result "1-0"]
[WhiteElo "2473"]
[BlackElo "2391"]
[PlyCount "65"]
[EventDate "2012.??.??"]
[EventType "team"]
[EventRounds "11"]

1. e4 c5 2. Nf3 e6 3. d4 cxd4 4. Nxd4 a6 5. c4 Nf6 6. Nc3 d6 7. Bd3 Be7 8. O-O
O-O 9. Kh1 Qc7 10. f4 Rd8 11. Qe2 Nbd7 12. Bd2 b6 13. Rae1 Bb7 14. b4 Rac8 15.
a3 Nf8 16. Nf3 Ng6 17. Ng5 Bf8 18. Rc1 Qd7 19. Be3 h6 20. Nf3 d5 21. exd5 exd5
22. Ne5 Nxe5 23. fxe5 Ne4 24. Nxd5 Bxd5 25. cxd5 Rxc1 26. Bxc1 Nc3 27. Qf3 Nxd5
28. Bxa6 Nc7 29. Bc4 Ne6 30. h3 Rc8 31. Qe4 g6 32. a4 Bxb4 33. Bxe6 1-0

[Event "Ct. Catalunya eq DH"]
[Site "?"]
[Date "2012.02.19"]
[Round "4.4"]
[White "Barbero Sendic, A."]
[Black "Vidarte Morales, A."]
[Result "1/2-1/2"]
[WhiteElo "2385"]
[BlackElo "2400"]
[PlyCount "98"]
[EventDate "2012.??.??"]
[EventType "team"]
[EventRounds "11"]

1. e4 e5 2. Nf3 Nc6 3. Nc3 Nf6 4. Bb5 Bb4 5. d3 d6 6. O-O O-O 7. Bg5 Bxc3 8.
bxc3 Qe7 9. h3 Nd8 10. Re1 Ne6 11. Bd2 Rd8 12. d4 c5 13. Rb1 Nf8 14. Bc4 h6 15.
Nh4 Qc7 16. Qf3 N8h7 17. Qg3 Kh8 18. dxe5 dxe5 19. Rbd1 Re8 20. Bc1 Nh5 21. Qg6
Nf4 22. Bxf4 Be6 23. Bxe5 Qxe5 24. Bxe6 Qxe6 25. Qxe6 Rxe6 26. Rd7 Nf6 27. Rxf7
Rxe4 28. Rxe4 Nxe4 29. Rxb7 Nxc3 30. Nf5 Nxa2 31. Nxg7 a5 32. Nh5 Ra6 33. f4
Nc3 34. Rb8+ Kh7 35. f5 Ne4 36. Re8 Nf6 37. Nxf6+ Rxf6 38. Ra8 Rxf5 39. Rxa5 h5
40. g4 hxg4 41. hxg4 Rf4 42. Rxc5 Rxg4+ 43. Kf2 Kg6 44. Re5 Kf6 45. Re2 Rg5 46.
Kf3 Rf5+ 47. Kg4 Re5 48. Rd2 Ke6 49. Kf4 Rd5 1/2-1/2

[Event "Ct. Catalunya eq DH"]
[Site "?"]
[Date "2012.02.27"]
[Round "4.4"]
[White "Khaidorov, V."]
[Black "Jose Abril, R."]
[Result "1-0"]
[WhiteElo "2350"]
[BlackElo "2413"]
[PlyCount "55"]
[EventDate "2012.??.??"]
[EventType "team"]
[EventRounds "11"]

1. d4 Nf6 2. Nf3 d5 3. c4 e6 4. Nc3 Bb4 5. Bg5 Nbd7 6. e3 c5 7. cxd5 exd5 8.
Bd3 Qa5 9. O-O c4 10. Bf5 Bxc3 11. bxc3 Qxc3 12. Bxf6 gxf6 13. Qa4 a6 14. Rab1
Kd8 15. Rxb7 Ke7 16. Rxd7+ Bxd7 17. Qxd7+ Kf8 18. Qxd5 Kg7 19. Be4 Rad8 20. Qh5
Rhe8 21. Qxh7+ Kf8 22. Nh4 Ke7 23. Nf5+ Ke6 24. Ng7+ Ke7 25. Nxe8 Rxe8 26. Bd5
Rf8 27. Rb1 Kd6 28. Qf5 1-0

[Event "Ct. Catalunya eq DH"]
[Site "?"]
[Date "2012.02.18"]
[Round "4.4"]
[White "Sanchez Ibern, M."]
[Black "Vives Esmerat, J."]
[Result "1/2-1/2"]
[WhiteElo "2368"]
[BlackElo "2302"]
[PlyCount "125"]
[EventDate "2012.??.??"]
[EventType "team"]
[EventRounds "11"]

1. e4 e5 2. Nf3 Nc6 3. d4 exd4 4. Bc4 Nf6 5. Ng5 Ne5 6. Qxd4 Nxc4 7. Qxc4 d5 8.
exd5 Qxd5 9. Qe2+ Be7 10. O-O Bg4 11. f3 Bf5 12. Nc3 Qc6 13. Bf4 h6 14. Rfe1
Ng8 15. Nge4 Bxe4 16. Qxe4 Qxe4 17. Rxe4 O-O-O 18. Nb5 Bc5+ 19. Kf1 c6 20. Rc4
Rd5 21. Nc3 Rd4 22. Rxc5 Rxf4 23. Ne4 Nf6 24. Nd6+ Kc7 25. Nxf7 Rf8 26. Ne5 Re8
27. Nd3 Rh4 28. Kf2 Nd5 29. Ra5 Kb6 30. Ra3 Rxh2 31. c4 Ne3 32. Nf4 Nf5 33. Nh3
Nh4 34. Rb3+ Kc7 35. Kg3 Rxg2+ 36. Kxh4 g5+ 37. Kh5 Rh2 38. f4 gxf4 39. Kg4
Ree2 40. Nxf4 Rxb2 41. Re1 Rxb3 42. axb3 Rb2 43. Re3 a5 44. c5 a4 45. bxa4 Rb4
46. Ra3 b6 47. Kf5 bxc5 48. Ne6+ Kb6 49. a5+ Ka7 50. Ke5 c4 51. Nc5 Rb5 52. Kd6
c3 53. a6 c2 54. Rc3 Rb2 55. Ke5 Ra2 56. Kd4 h5 57. Kc4 h4 58. Kb3 h3 59. Kxa2
h2 60. Rxc2 h1=Q 61. Kb2 Qd5 62. Kb1 Qd4 63. Ka2 1/2-1/2

[Event "Ct. Catalunya eq DH"]
[Site "?"]
[Date "2012.02.18"]
[Round "4.4"]
[White "Simon Padros, E."]
[Black "Bergez, L."]
[Result "0-1"]
[WhiteElo "2310"]
[BlackElo "2425"]
[PlyCount "60"]
[EventDate "2012.??.??"]
[EventType "team"]
[EventRounds "11"]

1. e4 c6 2. d4 d5 3. f3 Qb6 4. Nc3 dxe4 5. fxe4 e5 6. Nf3 exd4 7. Qxd4 Qxd4 8.
Nxd4 Nf6 9. Bg5 Nbd7 10. O-O-O Bb4 11. Bd3 O-O 12. h3 Re8 13. Rhe1 h6 14. Bh4
Nh5 15. a3 Bf8 16. g4 Nf4 17. Bf1 Ne5 18. Bg3 Nfg6 19. Nf5 Be6 20. Nd6 Reb8 21.
Re3 Be7 22. Kb1 Bg5 23. Ree1 b5 24. Nf5 b4 25. axb4 Rxb4 26. Rd4 a5 27. h4 Bf6
28. Nd1 Nf3 29. Rxb4 axb4 30. Re2 Ba2+ 0-1

[Event "Ct. Catalunya eq DH"]
[Site "?"]
[Date "2012.02.18"]
[Round "4.4"]
[White "Vila Gazquez, X."]
[Black "Alonso Rosell, A."]
[Result "1-0"]
[WhiteElo "2490"]
[BlackElo "2554"]
[PlyCount "197"]
[EventDate "2012.??.??"]
[EventType "team"]
[EventRounds "11"]

1. e4 c6 2. Nc3 d5 3. Nf3 Bg4 4. h3 Bxf3 5. Qxf3 e6 6. d3 Nd7 7. g3 g6 8. Bg2
Bg7 9. O-O Ne7 10. Qe2 O-O 11. f4 Qc7 12. Kh1 Rae8 13. Bd2 f5 14. e5 a6 15. Nd1
Rc8 16. c4 Rfd8 17. Rc1 dxc4 18. dxc4 c5 19. Ne3 Nc6 20. Nc2 Bf8 21. Rfd1 Qb6
22. Bc3 Nb4 23. Ra1 Nb8 24. Ne1 Rxd1 25. Qxd1 Rd8 26. Qf3 Rd7 27. a3 Qd8 28.
Qe2 N4c6 29. Nc2 a5 30. Bf3 Nd4 31. Qf2 Nxf3 32. Qxf3 Nc6 33. Qf2 Be7 34. Re1
Rd3 35. Kh2 h5 36. Re3 Kf7 37. h4 Rxe3 38. Qxe3 Qd1 39. Ne1 a4 40. Qd2 Qb3 41.
Qd3 Na7 42. Nf3 Ke8 43. Nd2 Qb6 44. Qf3 Qc7 45. Qd3 Qc6 46. Nf1 Qd7 47. Qxd7+
Kxd7 48. Kg2 Kc6 49. Kf3 b5 50. cxb5+ Kxb5 51. Nd2 Nc8 52. Ke2 Nb6 53. Kd3 Bf8
54. Nf3 Be7 55. Nd2 c4+ 56. Kc2 Bc5 57. Nf3 Kc6 58. Bd4 Nd5 59. Bxc5 Kxc5 60.
Ng5 Nc7 61. Kc3 Nb5+ 62. Kc2 Kd5 63. Kd2 c3+ 64. Kc2 cxb2 65. Kxb2 Nc7 66. Kc3
Kc5 67. Nh7 Nb5+ 68. Kb2 Kd4 69. Nf8 Ke3 70. Nxe6 Kf3 71. Nf8 Kxg3 72. Nxg6 Kf3
73. e6 Ke4 74. e7 Nd6 75. Kc3 Kd5 76. Kb4 Ke6 77. Kxa4 Kf7 78. Ne5+ Kxe7 79.
Kb4 Ne8 80. Kc5 Nc7 81. Nd3 Ne6+ 82. Kd5 Nf8 83. Ke5 Ng6+ 84. Kxf5 Nxh4+ 85.
Kg5 Nf3+ 86. Kxh5 Kf6 87. Kg4 Nd4 88. Nc5 Nc6 89. Kf3 Kf5 90. Nb3 Nb8 91. Nd4+
Kf6 92. Ke4 Nd7 93. Nb3 Nb6 94. Nc5 Ke7 95. a4 Kd6 96. Kd4 Nc8 97. f5 Ne7 98.
Ne4+ Kc6 99. Ke5 1-0

[Event "Ct. Catalunya eq DH"]
[Site "?"]
[Date "2012.02.18"]
[Round "4.5"]
[White "Alonso Moyano, J."]
[Black "Canal Oliveras, J."]
[Result "1-0"]
[WhiteElo "2456"]
[BlackElo "2328"]
[PlyCount "51"]
[EventDate "2012.??.??"]
[EventType "team"]
[EventRounds "11"]

1. e4 e5 2. Nf3 Nc6 3. d4 exd4 4. Nxd4 Bc5 5. Nxc6 Qf6 6. Qf3 Qxf3 7. gxf3 bxc6
8. Rg1 Ne7 9. Be3 Bxe3 10. fxe3 O-O 11. Nc3 d6 12. Bd3 a5 13. f4 Ba6 14. O-O-O
Bxd3 15. Rxd3 Ng6 16. Ne2 Rfe8 17. Ng3 a4 18. Rc3 c5 19. f5 Nh4 20. Nh5 Kf8 21.
Rxg7 Rxe4 22. Rxh7 Rg4 23. Rh8+ Rg8 24. Rxg8+ Kxg8 25. e4 Kf8 26. Rh3 1-0

[Event "Ct. Catalunya eq DH"]
[Site "?"]
[Date "2012.02.19"]
[Round "4.5"]
[White "Gomez Jurado, LA."]
[Black "Trepat Herranz, J."]
[Result "0-1"]
[WhiteElo "2356"]
[BlackElo "2376"]
[PlyCount "60"]
[EventDate "2012.??.??"]
[EventType "team"]
[EventRounds "11"]

1. c4 c5 2. g3 Nc6 3. Bg2 g6 4. Nc3 Bg7 5. Nf3 e6 6. d3 Nge7 7. Bg5 h6 8. Bd2
b6 9. O-O O-O 10. Qc1 Kh7 11. a3 Bb7 12. Rb1 d6 13. b4 Qd7 14. Rd1 Nd4 15. Nxd4
cxd4 16. Na2 Bxg2 17. Kxg2 Rac8 18. Kg1 b5 19. Qc2 e5 20. a4 a6 21. axb5 axb5
22. Qb3 f5 23. cxb5 f4 24. b6 Qh3 25. Rf1 Rf5 26. Qe6 fxg3 27. hxg3 Re8 28.
Rfc1 Ng8 29. Qxe8 Nf6 30. Qa8 d5 0-1

[Event "Ct. Catalunya eq DH"]
[Site "?"]
[Date "2012.02.27"]
[Round "4.5"]
[White "Iglesias, J."]
[Black "Farran Martos, J."]
[Result "1-0"]
[WhiteElo "2391"]
[BlackElo "2306"]
[PlyCount "67"]
[EventDate "2012.??.??"]
[EventType "team"]
[EventRounds "11"]

1. e4 e6 2. d4 d5 3. Nc3 Bb4 4. Nge2 dxe4 5. a3 Bxc3+ 6. Nxc3 f5 7. f3 exf3 8.
Qxf3 Nf6 9. Bf4 O-O 10. O-O-O Nd5 11. Qg3 Nxf4 12. Qxf4 c6 13. Bc4 b5 14. Bb3
Na6 15. d5 exd5 16. Nxd5 Kh8 17. Nb4 Qb6 18. Nd3 Nc5 19. Nxc5 Qxc5 20. Rhe1 Ba6
21. Re5 Qb6 22. Re7 Rae8 23. Qe5 Rxe7 24. Qxe7 Rb8 25. Kb1 h6 26. Rd7 Qg1+ 27.
Ka2 Qxg2 28. Rd8+ Rxd8 29. Qxd8+ Kh7 30. Qg8+ Kg6 31. Qf7+ Kh7 32. Qxf5+ Kh8
33. Qf8+ Kh7 34. Bg8+ 1-0

[Event "Ct. Catalunya eq DH"]
[Site "?"]
[Date "2012.02.18"]
[Round "4.5"]
[White "Lillo Castany, V."]
[Black "Yepes Martinez, E."]
[Result "1/2-1/2"]
[WhiteElo "2287"]
[BlackElo "2256"]
[PlyCount "76"]
[EventDate "2012.??.??"]
[EventType "team"]
[EventRounds "11"]

1. e4 e6 2. d4 d5 3. Nd2 Nf6 4. e5 Nfd7 5. Bd3 c5 6. c3 Nc6 7. Ngf3 Be7 8. O-O
g5 9. dxc5 g4 10. Nd4 Ndxe5 11. Bb5 Bd7 12. b4 Nxd4 13. Bxd7+ Qxd7 14. cxd4 Nc6
15. Qxg4 Nxb4 16. Nf3 Nc6 17. Qg7 O-O-O 18. Qxf7 Rdf8 19. Qh5 Rf5 20. Qh3 Bf6
21. Be3 Rg8 22. Kh1 Qg7 23. Rad1 Bd8 24. Ne5 Nxe5 25. dxe5 Qxe5 26. Bd4 Qc7 27.
Rfe1 Qf7 28. Qa3 Bc7 29. c6 bxc6 30. Qa6+ Kd8 31. Qxc6 Rh5 32. Bf6+ Qxf6 33.
Qa8+ Ke7 34. Qxg8 Bxh2 35. Rxd5 Rxd5 36. Qxh7+ Qf7 37. Qxf7+ Kxf7 38. Kxh2 Rd2
1/2-1/2

[Event "Ct. Catalunya eq DH"]
[Site "?"]
[Date "2012.02.18"]
[Round "4.5"]
[White "Mellado Triviño, J."]
[Black "Asis Gargatagli, H."]
[Result "1/2-1/2"]
[WhiteElo "2497"]
[BlackElo "2496"]
[PlyCount "25"]
[EventDate "2012.??.??"]
[EventType "team"]
[EventRounds "11"]

1. e4 c5 2. Nc3 d6 3. d4 cxd4 4. Qxd4 Bd7 5. Bg5 h6 6. Bh4 e5 7. Qd5 g5 8. Qxb7
Nc6 9. Nd5 Rb8 10. Nc7+ Ke7 11. Nd5+ Ke8 12. Nc7+ Ke7 13. Nd5+ 1/2-1/2

[Event "Ct. Catalunya eq DH"]
[Site "?"]
[Date "2012.02.18"]
[Round "4.6"]
[White "Armengol Comas, J."]
[Black "Perez Mañas, B."]
[Result "1-0"]
[WhiteElo "2299"]
[BlackElo "2353"]
[PlyCount "63"]
[EventDate "2012.??.??"]
[EventType "team"]
[EventRounds "11"]

1. e4 c6 2. d4 d5 3. exd5 cxd5 4. Bd3 Nc6 5. c3 Nf6 6. Bf4 Bg4 7. Qb3 Qc8 8.
Nd2 e6 9. Ngf3 Be7 10. Ne5 Nxe5 11. Bxe5 O-O 12. Qc2 Bf5 13. Bxf5 exf5 14. O-O
Qd7 15. Rfe1 Rac8 16. Re2 g6 17. Rae1 Ne4 18. Nb3 Rc6 19. f3 Ng5 20. Nc1 Ne6
21. Qa4 Bh4 22. Bg3 Bxg3 23. hxg3 Qd6 24. Kf2 h5 25. Nd3 Kg7 26. Re5 Nc7 27.
Qb4 Rd8 28. Qxd6 Rcxd6 29. Re7 Rc8 30. Ne5 Rf6 31. Rd7 Kf8 32. Nd3 1-0

[Event "Ct. Catalunya eq DH"]
[Site "?"]
[Date "2012.02.27"]
[Round "4.6"]
[White "Fernandez Vicente, C."]
[Black "Borras Duran, P."]
[Result "0-1"]
[WhiteElo "2253"]
[BlackElo "2331"]
[PlyCount "50"]
[EventDate "2012.??.??"]
[EventType "team"]
[EventRounds "11"]

1. c4 g6 2. g3 Bg7 3. Bg2 e5 4. Nc3 d6 5. e4 Ne7 6. Nge2 O-O 7. O-O Nd7 8. d3
f5 9. Bg5 h6 10. Bxe7 Qxe7 11. exf5 gxf5 12. f4 c6 13. Qd2 Nf6 14. Rae1 Be6 15.
b3 Rae8 16. Kh1 h5 17. fxe5 dxe5 18. d4 Rd8 19. d5 cxd5 20. cxd5 Qc5 21. Nf4
exf4 22. Rxe6 fxg3 23. Na4 Qb5 24. Rxf5 Ne4 25. Bf1 Qxf1+ 0-1

[Event "Ct. Catalunya eq DH"]
[Site "?"]
[Date "2012.02.18"]
[Round "4.6"]
[White "Garrido Fernandez, D."]
[Black "Casanellas Ruano, L."]
[Result "1-0"]
[WhiteElo "2250"]
[BlackElo "2208"]
[PlyCount "75"]
[EventDate "2012.??.??"]
[EventType "team"]
[EventRounds "11"]

1. e4 c6 2. d4 d5 3. exd5 cxd5 4. Bd3 Nc6 5. c3 Nf6 6. Bf4 Bg4 7. Qb3 Qc8 8.
Nd2 e6 9. Ngf3 Be7 10. O-O O-O 11. Ne5 Bh5 12. Rae1 Nxe5 13. Bxe5 Qc6 14. f4
Bg6 15. f5 exf5 16. Bxf5 b5 17. Bxg6 hxg6 18. Qd1 b4 19. Re3 Qa6 20. Qb3 bxc3
21. Rxc3 Rac8 22. Nf3 Rxc3 23. bxc3 Rc8 24. Bxf6 gxf6 25. Qxd5 Rxc3 26. Ng5
Qxf1+ 27. Kxf1 fxg5 28. Qa8+ Kg7 29. Qxa7 Bf6 30. d5 Rd3 31. Qc5 Rd2 32. Qc4
Be5 33. h3 Rd4 34. Qb3 Rd2 35. a4 Rb2 36. Qd3 Rb4 37. a5 Rd4 38. Qb3 1-0

[Event "Ct. Catalunya eq DH"]
[Site "?"]
[Date "2012.02.19"]
[Round "4.6"]
[White "Martinez Lopez, I."]
[Black "Martinez Ramirez, E."]
[Result "1-0"]
[WhiteElo "2327"]
[BlackElo "2366"]
[PlyCount "53"]
[EventDate "2012.??.??"]
[EventType "team"]
[EventRounds "11"]

1. c4 Nf6 2. g3 g6 3. Bg2 d5 4. Nf3 Bg7 5. O-O O-O 6. cxd5 Nxd5 7. Nc3 Nb6 8.
d3 Nc6 9. Be3 a5 10. Qd2 a4 11. Bh6 e5 12. Rfd1 Qe7 13. Bxg7 Kxg7 14. Rac1 Nb4
15. Qe3 f6 16. Nd4 Qd8 17. Nc2 Nxc2 18. Rxc2 Rf7 19. Qc5 Qe7 20. Qe3 Ra5 21.
Rdc1 f5 22. Qd2 c6 23. d4 Ra6 24. d5 Nxd5 25. Nxd5 cxd5 26. Rxc8 Rb6 27. Qxd5
1-0

[Event "Ct. Catalunya eq DH"]
[Site "?"]
[Date "2012.02.18"]
[Round "4.7"]
[White "Castellet Giralt, G."]
[Black "Almeida Toledano, D."]
[Result "1/2-1/2"]
[WhiteElo "2311"]
[BlackElo "2399"]
[PlyCount "34"]
[EventDate "2012.??.??"]
[EventType "team"]
[EventRounds "11"]

1. d4 d5 2. c4 c6 3. cxd5 cxd5 4. Nc3 Nf6 5. Nf3 Nc6 6. Bf4 Bf5 7. e3 e6 8. Qb3
Bb4 9. Bb5 O-O 10. O-O Bxc3 11. Bxc6 Bxb2 12. Bxb7 Bxa1 13. Rxa1 h6 14. Rc1 Ne4
15. Bc7 Rc8 16. Bxc8 Qxc8 17. Qb5 Qa8 1/2-1/2